| 000 | 00893 a2200241 4500 | ||
|---|---|---|---|
| 001 | 52917 | ||
| 005 | 20260407155803.0 | ||
| 008 | 260407a2004 arg spa d | ||
| 003 | AR-UNSa-BCEJYS | ||
| 040 |
_aAR-UNSa-BCEJYS _bspa _cAR-UNSa-BCEJYS |
||
| 080 |
_a94(82):33 _xHistoria Económica Argentina |
||
| 245 | 1 | 0 |
_aEntre la equidad y el crecimiento _pascenso y caída de la economía argentina, 1880-2003 |
| 020 | _a987-1105-64-9 | ||
| 264 | 1 |
_aBuenos Aires : _bSiglo XXI Editores Argentina _c2004 |
|
| 300 |
_a126 p. _c17 cm. |
||
| 505 | _a1. Introducción: de Bering a Baring - 2. Entre dos crisis(1980-2001) - 3. Desde el presente | ||
| 041 | _aspa | ||
| 942 | _cBK | ||
| 590 | _aniveau_biblio:m niveau_hierar:0 | ||
| 100 | 1 | _aGerchunoff, Pablo | |
| 700 | 1 | _aLlach, Lucas | |
| 856 | 4 | 1 |
_uhttps://www.biblioeco.unsa.edu.ar/pmb/images/libros/L128354.jpg _yImagen de portada _qimage/jpeg |
| 999 |
_c5032 _d5032 |
||